000 01153nam0a22002771 4500
001 rc\3567178
005 20260407014411.0
021 _aRU
_bРг5053-77
035 _a(NLR Aleph) 007689399
090 _a6625157
_c6625157
100 _a20130115d1976 |||y0rusy50 ca
101 0 _arus
102 _aRU
105 _aa z |||||
200 1 _aИван Чермянин
_eПерсон. юбилейная выставка
_e50
_f[Вступ. статья З. Естамоновой]
_gКемеров. обл. упр. культуры. Кемеров. отд-ние Союза художников РСФСР. Кемеров. обл. карт. галерея
210 _aКемерово
_cБ. и.
_d1976
215 _a[1], 46 с.
_cил.
_d21
702 1 _aЧермянин
_bИ.
_gИван
_4280
702 1 _aЕстамонова
_bЗ.
_4080
710 1 0 _aЧермянин,
_gИван Александрович
_hВыставка произведений
_f1976
_eКемерово
_3RU\NLR\AUTH\8810002713
_9502653
801 0 _aRU
_bNLR
_gpsbo
801 1 _aRU
_bELAR
_2rusmarc
852 _aNLR
_bЭ
_jКП/Ч-489
942 _cBOOK
980 _aNB